GOOD LUCK! - Statistics

General Stats
  • This quiz has been taken 40 times
    20 since last reset
  • The average score is 9 of 24
Answer Stats
GOOD LUCK! GOOD LUCK! % Correct
GOOD LUCK! GOOD LUCK!
100%
Type "GOOD LUCK!" "GOOD LUCK!"
100%
*sigh* *good luck*
100%
I think what you meant to say was... Good Luck
100%
Good Maybe Baby Bob!
100%
no yes
80%
Alrighty then. Well. Anyways. Yes?
80%
This is a Good Luck? Yessiree Bob!
80%
So who is Bob? Call Me Sentry
40%
What, you're Bob? Bob Will Return
25%
huh? or Baby
20%
r u speaking in the 3rd person all of a sudden? Possibly/Maybe/Probably
20%
Who's Bob? idk tbh
15%
ah. And what is that supposed to mean exactly? I Don't Know To Be Honest
15%
Okaaaay. Good 2 know. You can also call me Al
15%
Oh that's ok. You don't have to. It's fine. I get it. oops
5%
oops what? Oops!... I Did It Again
5%
What is that a sequel 2? Crazy, stupid, love
0%
well, do ya? Maybe, kinda, sorta
0%
makes sense or cents
0%
ok or Maybe
0%
r u feelin lucky punk? Sorta, kinda, maybe
0%
No thanks That's okay
0%
Apparently This is a Good Quiz
0%
No matching quizzes found
Score Distribution
Percent of People with Each Score
Percentile by Number Answered
Your Score History
You have not taken this quiz since the last reset